000 00872cam a22001814a 4500
005 20250605164354.0
008 250528s ||||||||||||||||||||||||d
035 _a24252
040 _aGR-AtMCL
_bgre
_dGR-AtMCL
_eAACR2
245 1 _aWater! / World Health - The Magazine of the World Health Organization
260 _bWorld Health,
_c1992
300 _a31
520 _aWater for All: A Human Right, News from the Waterfront, The Legacy of the Water Decade, Only Four More Years, When City Growth Exceeds Supply, Recycling Human Waste, A New Target Date, Not a Drop to Drink, Man and Water, Cholera in Peru, Women and Water, The Dying Aral Sea, A Checklist of Hazards, Sea Fit to Swim in, Clean Water at Low Cost, WHO in Action, WHO on.
700 1 _aNapalkov Nikolai P
_99432
942 _cCR
999 _c9142
_d9142